| 000 | 00788nam a2200265Ia 4500 | ||
|---|---|---|---|
| 003 | OSt | ||
| 005 | 20221005082452.0 | ||
| 006 | a|||||r|||| 00| 0 | ||
| 007 | ta | ||
| 008 | 221004b |||||||| |||| 00| 0 eng d | ||
| 024 | _a68890 | ||
| 037 | _cTextual | ||
| 040 |
_aCRL _cCRL _beng |
||
| 041 |
_2eng _aeng |
||
| 082 | _aX:97B(Y:45)g, N5 | ||
| 100 |
_aArora H. C. _9264250 |
||
| 245 | 0 |
_aGuide to charge sheeted employees and defence assistants _b In government services, public sector including banks and private sector |
|
| 250 | _a2nd | ||
| 260 |
_aNew Delhi _bSkylark India _c1995 |
||
| 300 |
_a376p. _ccm. |
||
| 650 | _a ECONOMICS | ||
| 650 | _aPERSONNEL MANAGEMENT | ||
| 942 |
_hX:97B(Y:45)g, N5 _cTEXL _2cc |
||
| 999 |
_c989382 _d989382 |
||